Регионална библиотека "Любен Каравелов" - Русе

Megadeth (Запис номер 513289)

MARC детайли
000 -Лидер
Лидер 01100nam a2200301 a 4500
003 - Код на организацията, давaща контролен номер
Код на организацията, даваща контролен номер BLK
005 - Дата и час на последна редакция
Дата и час на последна редакция 20241211141549.0
007 - Фиксирано поле за физическо описани
Физическо описание ta
008 - Елементи от данни с фиксирана дължина
Елементи с фиксирана дължина 240703b bu |||||r|||| 00| | bu d
020 ## - Международен стандартен номер на книга ISBN
ISBN 9786197012088
040 ## - Източник на каталожния запис
Код на библиотеката BLK
041 ## - Код за език
Език Български
Език за КДБФ Български
080 ## - УДК
9 (RLIN) 226698
УДК текст Американска литература (на САЩ)
УДК код 821.111(73)
УДК – определител -9
УДК – код + определител 821.111(73)-9
084 ## - Класификационен индекс по друга класификация
Авторски знак Мъ - М 97
100 ## - Редна дума - Автор
R(LIN) 493583
Автор Мъстейн, Дейв
245 ## - Сведения за заглавието
Заглавие Megadeth
Подзаглавни данни личните разкази за шедьовъра : биография
Авторска отговорност Дейв Мъстейн, Джоуел Селвин ; прев. от англ.
246 #1 - Различни форми на заглавието
Различни форми на заглавието Rust in Peace
260 ## - Област на издателските данни
9 (RLIN) 215349
Място на издаване София
Име на издателя Addix
Година на издаване 2024
300 ## - Физическа характеристика
Брой страници 206 с.
Илюстрации 8 л. сн.
Размер 23 см
380 ## - Жанр
Жанр Худож. лит.
500 ## - Общи забележки
Обща забележка Без сведение за ориг. загл.
650 #7 - Допълнително описание по предмет – тема
Предметна рубрика Рокмузика
Източник на редна или ключова дума
9 (RLIN) 169666
700 ## - Други автори (авторска отговорност)
9 (RLIN) 493584
Друг автор Селвин, Джоуел
852 ## - Местоположение
Отдел Заемна - подръчен фонд
Систематично-азбучна сигнатура 821-9/М 97 Д
856 ## - Електронен адрес и достъп
Инструкция (цена за достъп) 0.00
Права за достъп disable
942 ## - АРТИКУЛИ
Вид на библиотечния документ Книги
Скрит в OPAC Не
Koha issues (borrowed), all copies 1
944 ## - СЪЗДАВАНЕ И РЕДАКЦИЯ на ЗАПИСА
Създаване/Редакция
Дата на регистрацията/редакция Геновева Генчева
Служител, извършил регистрацията/редакцията 30560
Номер на служител Геновева Генчева
999 ## - СИСТЕМНИ КОНТРОЛНИ НОМЕРА
Koha biblionumber 513289
Koha biblioitemnumber 513289
Наличности
Код за отписване Код за изгубен артикул Източник на класификационната схема Код за повреда Код за отдаване Артикулен № Име на библиотеката - собственик Име на библиотеката, в която се намира в момента Статус (Текущо местоположение) Дата на вписване в системата Местоположение - отдел Цена в лева Инвентарен номер Систематично азбучна сигнатура Баркод Цена в евро Служебен тип на артикула
  Не е изгубен Universal Decimal Classification Не е повреден заемане за дома 945601 Регионална библиотека "Любен Каравелов" Русе Регионална библиотека "Любен Каравелов" Русе Заемна - подръчен фонд 2024-07-08 Заемна - подръчен фонд 19.49 120000910743 821-9/М 97 Д 120000910743 9.97 Книги
Vip Innovations Ltd, Rousse, Bulgaria 2025